| 000 | 00509nam a22001937a 4500 | ||
|---|---|---|---|
| 005 | 20230822142902.0 | ||
| 008 | 150108b xxu||||| |||| 00| 0 eng d | ||
| 040 | _aLoreto College | ||
| 041 | _aEnglish | ||
| 082 |
_a915 _bSTA |
||
| 100 | _aStamp, L. Dudley | ||
| 245 |
_aAsia _bA regional and economic geography _cL. Dudley Stamp |
||
| 260 |
_aLondon _bMethuen _c1944 |
||
| 300 |
_axxi, 704p. _b21cm. |
||
| 504 | _aIncludes index. | ||
| 650 | _aRegional Geography- Asia | ||
| 850 | _aLCLIB | ||
| 942 | _cBK | ||
| 999 |
_c39763 _d90242 |
||